| 000 | 00763nam a2200205Ia 4500 | ||
|---|---|---|---|
| 003 | GCL | ||
| 008 | 140319s9999 xx 000 0 ara d | ||
| 040 |
_aGCL / _cGCL |
||
| 082 | 0 | 4 |
_a953.001 _bن ج |
| 100 | 1 | _aنجدة فتحى صفوة | |
| 245 | 1 | 0 |
_aالجزيرة العربية فى الوثائق البريطانية?: نجد والحجاز / _cنجدة فتحى صفوة |
| 490 |
_aالهيئة العامة للاستعلامات _v0 |
||
| 650 | 0 | 4 | _aالتاريخ الاسلامى |
| 650 | 0 | 4 | _aالتاريخ |
| 650 | 0 | 4 | _aالجزيرة العربية |
| 650 | 0 | 4 | _aالجزيرة العربية - تاريخ |
| 650 | 0 | 4 | _aالوثائق البريطانية |
| 650 | 0 | 4 | _aشبه الجزيرة العربية - تاريخ |
| 942 |
_2ddc _cBK |
||
| 999 |
_c48410 _d48410 |
||